000 00343nam a2200145Ia 4500
008 150201s2013 xx 000 0 und d
082 _a615
_bP13S
100 _aSHARMA, H.L.
245 _aPRINCIPLES OF PHARMACOLOGY
250 _a2ND
260 _bPARAS PUB.
_aDELHI
_c2013
300 _a1-954
650 _aPHARMACOLOGY
942 _2ddc
_cBK
_029
999 _c1657
_d1657